El mundo de la Opera: autores, intérpretes, orquestas, historia, discografía, ciudades

Đã lưu trong:
Chi tiết về thư mục
Tác giả của công ty: Fundación Tabacalera (Tác giả)
Định dạng: Sách
Ngôn ngữ:Tiếng Tây Ban Nha
Được phát hành: Madrid Ediciones Tiempo S. A 1993
Phiên bản:1a. ed
Loạt:Tiempo
Những chủ đề:
Các nhãn: Thêm thẻ
Không có thẻ, Là người đầu tiên thẻ bản ghi này!

MARC

LEADER 00000cam a2200000 a 4500
001 UCC6239
003 CL-VaPUC
005 20230929112729.0
008 181130e19930000sp |||||||||||||||||spa|d
999 |c 373233  |d 373231 
040 |c Pontificia Universidad Católica de Valparaíso 
082 0 4 |a 790 FUN 1993  |2 21 
110 2 |a Fundación Tabacalera  |e author  |9 600675 
245 1 3 |a El mundo de la Opera: autores, intérpretes, orquestas, historia, discografía, ciudades 
250 |a 1a. ed 
260 |a Madrid  |b Ediciones Tiempo S. A  |c 1993 
300 |a v 
490 0 |a Tiempo 
500 |a v.1: El descubrimiento italiano. Monteverdi. Scarlatti. Pergolesi 
500 |a v.2: Un divertimento cortesano. Lully. Rameau. Haendel 
500 |a v.3: El gran barroco alemán. Schütz. Teleman. Gluck 
500 |a v.4: El esplendor del Clasicismo. Haydn. Mozart. Beethoven 
500 |a v.5: El Romanticismo centroeuropeo. Wagner. Bizet. Berlioz 
500 |a v.6: El gran siglo italiano. Rossini. Donizetti. Verdi 
500 |a v.7: Los sucesores de Verdi. Mascagni. Leoncavallo. Puccini 
500 |a v.8-10: Opera española y contemporánea. Tchaikovski. Albeniz. Stravinski 
583 |a last modification  |c 20181130 13:53:00  |k Rodrigo Vera 
650 0 |a Historia de la ópera  |2 CL-VaPUC  |9 526641 
650 0 |a Artes escénicas  |9 318853 
650 0 |a Libretos de ópera  |2 CL-VaPUC  |9 417775 
650 0 |a Dramas  |2 CL-VaPUC  |9 348974 
942 |c BK  |2 ddc 
945 |d 20181130 13:53:00  |a dcastane 
952 |0 0  |1 0  |3 erd  |4 0  |6 790_000000000000000_FUN_1993  |7 0  |8 C  |9 491240  |a BIBCUR  |b BIBCUR  |h v.1  |i 5517664  |o 790 FUN 1993  |p 5517664  |r 2025-04-22  |w 2019-11-24  |y BK  |z Catalogado en:20181130  |k CAC 
952 |0 0  |1 0  |3 erd  |4 0  |6 790_000000000000000_FUN_1993  |7 0  |8 C  |9 491241  |a BIBCUR  |b BIBCUR  |h v.2  |i 5517672  |l 1  |o 790 FUN 1993  |p 5517672  |r 2025-04-22  |s 2025-01-06  |w 2019-11-24  |y BK  |z Catalogado en:20181130  |k CAC 
952 |0 0  |1 0  |3 erd  |4 0  |6 790_000000000000000_FUN_1993  |7 0  |8 C  |9 491242  |a BIBCUR  |b BIBCUR  |h v.3  |i 5517680  |l 1  |o 790 FUN 1993  |p 5517680  |r 2025-04-22  |s 2025-01-06  |w 2019-11-24  |y BK  |z Catalogado en:20181130  |k CAC 
952 |0 0  |1 0  |3 erd  |4 0  |6 790_000000000000000_FUN_1993  |7 0  |8 C  |9 491243  |a BIBCUR  |b BIBCUR  |h v.4  |i 5517699  |l 1  |o 790 FUN 1993  |p 5517699  |r 2025-04-22  |s 2025-01-06  |w 2019-11-24  |y BK  |z Catalogado en:20181130  |k CAC 
952 |0 0  |1 0  |3 erd  |4 0  |6 790_000000000000000_FUN_1993  |7 0  |8 C  |9 491244  |a BIBCUR  |b BIBCUR  |h v.5  |i 5517702  |l 1  |o 790 FUN 1993  |p 5517702  |r 2025-04-22  |s 2025-01-06  |w 2019-11-24  |y BK  |z Catalogado en:20181130  |k CAC 
952 |0 0  |1 0  |3 erd  |4 0  |6 790_000000000000000_FUN_1993  |7 0  |8 C  |9 491245  |a BIBCUR  |b BIBCUR  |h v.6  |i 5517710  |l 1  |o 790 FUN 1993  |p 5517710  |r 2025-04-22  |s 2025-01-06  |w 2019-11-24  |y BK  |z Catalogado en:20181130  |k CAC 
952 |0 0  |1 0  |3 erd  |4 0  |6 790_000000000000000_FUN_1993  |7 0  |8 C  |9 491246  |a BIBCUR  |b BIBCUR  |h v.7  |i 5517729  |l 1  |o 790 FUN 1993  |p 5517729  |r 2025-04-22  |s 2025-01-06  |w 2019-11-24  |y BK  |z Catalogado en:20181130  |k CAC 
952 |0 0  |1 0  |3 erd  |4 0  |6 790_000000000000000_FUN_1993  |7 0  |8 C  |9 491247  |a BIBCUR  |b BIBCUR  |h v.8-v.10  |i 5517737  |l 1  |o 790 FUN 1993  |p 5517737  |r 2025-04-22  |s 2025-01-06  |w 2019-11-24  |y BK  |z Catalogado en:20181130  |k CAC